书目信息 |
| 书名: | Late antiquity | |
| 作者: | Peter Brown. | |
| 分册号: | ||
| 分册名: | 出版地: | Cambridge, Mass. : |
|
| 出版社: | Belknap Press of Harvard University Press | |
| 出版时间: | 1998. | |
| 页数: | 89 p. : | |
| 开本: | 23 cm. | |
| 丛书名: | ||
| 中图分类号: | ||
| 科图分类号: | ||
| 其他分类号: | C913 | |
| 主题词: | ||
| 电子资源: | ||
| 000 | 01387pam a2200337 a 450 | |
| 001 | E0740140692 | |
| 005 | 20070505110123.48 | |
| 008 | 971008s1998 maua b 001 0 eng | |
| 010 | @a97042973 | |
| 020 | @a0674511700 (pbk.). | |
| 035 | @A(DLC) 97042973 | |
| 040 | @aDLC@cDLC@dDLC | |
| 041 | 1 | @aeng@hfre |
| 043 | @ae------@aff-----@aaw----- | |
| 050 | 00 | @aDG78@b.B7413 1998 |
| 082 | 00 | @a937@2 21 |
| 090 | @aC913 | |
| 099 | @dC913@ex96 | |
| 100 | 1 | @aBrown, Peter Robert Lamont. |
| 240 | 10 | @aAntiquite? tardive.@lEnglish |
| 245 | 10 | @aLate antiquity / @cPeter Brown. |
| 260 | @aCambridge, Mass. :@bBelknap Press of Harvard University Press,@c1998. | |
| 300 | @a89 p. :@bill. ;@c23 cm. | |
| 500 | @a"Originally published as "L’antiquite? tardive" in Histoire de la vie prive?e, vol. 1, De l’Empire romain a? l’an mil, Editions du Seuil, c1985"--T.p. verso. | |
| 504 | @aIncludes bibliographical references (p. 81-83) and index. | |
| 651 | 0 | @aRome@xCivilization. |
| 651 | 0 | @aByzantine Empire@xCivilization@y527-1081. |
| 651 | 0 | @aRome@xSocial life and customs. |
| 906 | @a7@bcbc@corignew@d1@eocip@f19@gy-gencatlg | |
| 955 | @apc14 to la00 10-09-97 to HLCD; lf11/desc. 10-09-97; lf09 10-10-97; ret’d for 050 aa11 10-17-97; lf29 10-30-97 as a substitute; CIP ver. lf27 03-30-98 | |
| 991 | @bc-GenColl@hDG78@i.B7413 1998@p00056634678@tCopy 1@wBOOKS | |
| Late antiquity / / Peter Brown.-Cambridge, Mass. : : Belknap Press of Harvard University Press, , 1998. |
| 89 p. : : ill. ; ; 23 cm. |
| "Originally published as "L’antiquite? tardive" in Histoire de la vie prive?e, vol. 1, De l’Empire romain a? l’an mil, Editions du Seuil, c1985"--T.p. verso.-Includes bibliographical references (p. 81-83) and index. |
| ISBN 0674511700 (pbk.). |
| ● |
| 相关链接 |
|
|
|
|
正题名:Late antiquity
索取号:C913/x96
 
预约/预借
| 序号 | 登录号 | 条形码 | 馆藏地/架位号 | 状态 | 备注 |
| 1 | 6851 | 300068511 | 第二样本阅览室/ [索取号:C913/x96] | 在馆 | |
| 2 | 6852 | 300068520 | 第四借阅区/ [索取号:C913/x96] | 在馆 | |
| 3 | 9944 | 300099444 | 第四借阅区/ [索取号:C913/x96] | 在馆 |